Applications of microcalorimetry in the study of bio-macromolecules

Bibliographic Details
Main Author: Flanagan, Tim (Author)
Format: Article
Language:English
PhysicalDescription:Obr.
ISBN:9788070976937
Subjects:

MARC

LEADER 00000nab a2200000 a 4500
001 vtls010257718
003 SK-MaSNL
005 20260319070741.0
008 11030209c2007 xo o |||||||||||||||b|en
015 |a SNBRA2009/02 
035 |a SVKKK000094296 
038 |a SVKKK 
040 |a SVKKK  |b slo  |c SVKKK  |e AACR2 
041 0 |a eng 
044 |a xo  |c SK 
080 |a 539.199  |2 1997 
080 |a 536.6  |2 1997 
100 1 |a Flanagan, Tim  |4 aut  |9 1085267 
245 1 0 |a Applications of microcalorimetry in the study of bio-macromolecules  |c T. Flanagan 
300 |b Obr. 
650 0 7 |a biomakromolekuly  |x mikrokalorimetria  |2 snkbucl  |9 1085268 
773 0 |t Structure and stability of biomacromolecules SSB 2007  |d Košice : Univerzita Pavla Jozefa Šafárika, 2007  |g S. 42  |z 9788070976937 
852 |a SVKKK  |b BIB 
999 |c 1785605  |d 1787535